000 00849nam a2200253Ia 4500
003 OSt
005 20220923214443.0
006 a|||||r|||| 00| 0
007 ta
008 220922b |||||||| |||| 00| 0 hin d
024 _a169,659
037 _cTextual
040 _aARTS
_cARTS
_bhin
041 _2hin
_ahin
082 _aO152,3M901:g, J5;K4
100 _aमिश्र, रामदरश
_9156318
245 0 _aऐतिहासिक उपन्यासकार
_b वृन्दावनलाल वर्मा
246 _aAitihāsik upanyāsakāra: vṛundāvanalāl varmā
250 _aसंस्क0 2
260 _c1955
650 _aहिन्दी साहित्य
_9156264
942 _hO152,3M901:g, J5;K4
_cTEXL
_2CC
999 _c324079
_d324079